| 000 | 00833nam a22002175i 4500 | ||
|---|---|---|---|
| 001 | 171897 | ||
| 003 | ES-MaACL | ||
| 005 | 20230906214747.0 | ||
| 008 | 090605s1987 sp |||| | spa d | ||
| 020 | _a84-505-6553-7 | ||
| 080 | _a903.53(460) | ||
| 245 | 0 | 3 |
_aEl megalitismo en la Península Ibérica / _c[por José Ferrer Palma.. [et al.] ; introducción por Germán Delibes de Castro]. |
| 250 | _a1ª ed. | ||
| 260 |
_aMadrid : _bMinisterio de Cultura, Subdirección General de Arqueología y Etnología, _c1987. |
||
| 300 |
_a245 p. : _bil. ; _c26 cm. |
||
| 650 | 1 | 4 |
_aMonumentos megalíticos- _zEspaña. _9140521 |
| 700 | 1 |
_aFerrer Palma, José. _9140522 |
|
| 700 | 1 |
_aDelibes de Castro, Germán. _9140523 |
|
| 710 | 1 |
_aEspaña. _bSubdirección General de Arqueología y Etnografía. _93710 |
|
| 852 |
_aES-MaACL _jG-13331 |
||
| 999 |
_c171897 _d171897 |
||